Statistics for Order 66 Who Killed Who

Click here to take the quiz!

General Stats

  • This quiz has been taken 30 times
  • The average score is 3 of 5

Answer Stats

Jedi KilledAnswer% Correct
Aayla SecuraCommander Bly
94%
Ki-Adi-MundiCommander Bacara
76%
Stass AllieCommander Neyo
76%
Plo KoonCaptain Jag
65%
Zett JukassaSergeant Fox
35%

Score Distribution

Percentile by Number Answered

Percent of People with Each Score

Your Score History

You have not taken this quiz